<?xml version="1.0" encoding="UTF-8"?>
<record
    xmlns:xsi="http://www.w3.org/2001/XMLSchema-instance"
    xsi:schemaLocation="http://www.loc.gov/MARC21/slim http://www.loc.gov/standards/marcxml/schema/MARC21slim.xsd"
    xmlns="http://www.loc.gov/MARC21/slim">

  <leader>01763nam0a2200445   4500</leader>
  <controlfield tag="001">RU\NLR\bibl\1655849</controlfield>
  <controlfield tag="005">20250616035028.0</controlfield>
  <datafield tag="010" ind1=" " ind2=" ">
    <subfield code="a">978-5-699-38074-9</subfield>
    <subfield code="9">15000</subfield>
  </datafield>
  <datafield tag="021" ind1=" " ind2=" ">
    <subfield code="a">RU</subfield>
    <subfield code="b">2010-43395</subfield>
    <subfield code="9">272&#x434;/2010</subfield>
  </datafield>
  <datafield tag="035" ind1=" " ind2=" ">
    <subfield code="a">(NLR Aleph) 001647150</subfield>
  </datafield>
  <datafield tag="090" ind1=" " ind2=" ">
    <subfield code="a">898657</subfield>
    <subfield code="c">898657</subfield>
  </datafield>
  <datafield tag="100" ind1=" " ind2=" ">
    <subfield code="a">20100716d2010    |||y0rusy50      ca</subfield>
  </datafield>
  <datafield tag="101" ind1="1" ind2=" ">
    <subfield code="a">rus</subfield>
    <subfield code="c">eng</subfield>
  </datafield>
  <datafield tag="102" ind1=" " ind2=" ">
    <subfield code="a">RU</subfield>
  </datafield>
  <datafield tag="105" ind1=" " ind2=" ">
    <subfield code="a">y   |||||||||</subfield>
  </datafield>
  <datafield tag="200" ind1="1" ind2=" ">
    <subfield code="a">&#x41F;&#x440;&#x43E; &#x441;&#x435;&#x43C;&#x44C;&#x44E;</subfield>
    <subfield code="e">&#x43A;&#x43B;&#x44E;&#x447; &#x43A; &#x441;&#x447;&#x430;&#x441;&#x442;&#x43B;&#x438;&#x432;&#x43E;&#x43C;&#x443; &#x431;&#x440;&#x430;&#x43A;&#x443;</subfield>
    <subfield code="f">&#x421;&#x442;&#x438;&#x432;&#x435;&#x43D; &#x41A;&#x435;&#x43D;&#x434;&#x440;&#x438;&#x43A;, &#x410;&#x43B;&#x435;&#x43A;&#x441; &#x41A;&#x435;&#x43D;&#x434;&#x440;&#x438;&#x43A;</subfield>
    <subfield code="g">[&#x43F;&#x435;&#x440;. &#x441; &#x430;&#x43D;&#x433;&#x43B;. &#x410;&#x43D;&#x43D;&#x44B; &#x411;&#x43E;&#x43B;&#x434;&#x44B;&#x448;&#x435;&#x432;&#x43E;&#x439; &#x438; &#x410;&#x43D;&#x430;&#x441;&#x442;&#x430;&#x441;&#x438;&#x438; &#x417;&#x430;&#x432;&#x435;&#x43B;&#x44C;&#x441;&#x43A;&#x43E;&#x439;]</subfield>
  </datafield>
  <datafield tag="210" ind1=" " ind2=" ">
    <subfield code="a">&#x41C;&#x43E;&#x441;&#x43A;&#x432;&#x430;</subfield>
    <subfield code="c">&#x42D;&#x43A;&#x441;&#x43C;&#x43E;</subfield>
    <subfield code="d">2010</subfield>
  </datafield>
  <datafield tag="215" ind1=" " ind2=" ">
    <subfield code="a">282, [1] &#x441;.</subfield>
    <subfield code="d">20</subfield>
  </datafield>
  <datafield tag="225" ind1="1" ind2=" ">
    <subfield code="a">&#x417;&#x430;&#x440;&#x443;&#x431;&#x435;&#x436;&#x43D;&#x44B;&#x439; &#x431;&#x435;&#x441;&#x442;&#x441;&#x435;&#x43B;&#x43B;&#x435;&#x440;</subfield>
  </datafield>
  <datafield tag="225" ind1="1" ind2=" ">
    <subfield code="a">&#x41F;&#x441;&#x438;&#x445;&#x43E;&#x43B;&#x43E;&#x433;&#x438;&#x44F;</subfield>
    <subfield code="e">&#x437;&#x430;&#x440;&#x443;&#x431;&#x435;&#x436;&#x43D;&#x44B;&#x439; &#x431;&#x435;&#x441;&#x442;&#x441;&#x435;&#x43B;&#x43B;&#x435;&#x440;</subfield>
  </datafield>
  <datafield tag="225" ind1="1" ind2=" ">
    <subfield code="a">&#x413;&#x43B;&#x430;&#x432;&#x43D;&#x44B;&#x435; &#x43A;&#x43D;&#x438;&#x433;&#x438; &#x43E; &#x436;&#x438;&#x437;&#x43D;&#x438;</subfield>
  </datafield>
  <datafield tag="300" ind1=" " ind2=" ">
    <subfield code="a">&#x41D;&#x430; &#x43E;&#x431;&#x43B;.: The love dare / Stephen &amp; Alex Kendrick</subfield>
  </datafield>
  <datafield tag="300" ind1=" " ind2=" ">
    <subfield code="a">&#x412; &#x432;&#x44B;&#x43F;. &#x434;&#x430;&#x43D;. &#x437;&#x430;&#x433;&#x43B;.: &#x41A;&#x43D;&#x438;&#x433;&#x430; N&#xB0;5. &#x41F;&#x440;&#x43E; &#x441;&#x435;&#x43C;&#x44C;&#x44E;</subfield>
  </datafield>
  <datafield tag="309" ind1=" " ind2=" ">
    <subfield code="a">&#x41D;&#x430; &#x442;&#x438;&#x442;. &#x43B;. &#x438; &#x441;&#x443;&#x43F;&#x435;&#x440;&#x43E;&#x431;&#x43B;.: &#x41A;&#x43D;&#x438;&#x433;&#x430; N&#xB0;5</subfield>
  </datafield>
  <datafield tag="512" ind1="1" ind2=" ">
    <subfield code="6">z22790</subfield>
    <subfield code="a">The love dare</subfield>
  </datafield>
  <datafield tag="517" ind1="0" ind2=" ">
    <subfield code="a">&#x41A;&#x43D;&#x438;&#x433;&#x430; N&#xB0;5. &#x41F;&#x440;&#x43E; &#x441;&#x435;&#x43C;&#x44C;&#x44E;</subfield>
  </datafield>
  <datafield tag="606" ind1="1" ind2=" ">
    <subfield code="a">&#x415;&#x432;&#x430;&#x43D;&#x433;&#x435;&#x43B;&#x438;&#x437;&#x430;&#x446;&#x438;&#x44F;</subfield>
    <subfield code="9">2082319</subfield>
    <subfield code="3">RU\NLR\auth\661258340</subfield>
  </datafield>
  <datafield tag="686" ind1=" " ind2=" ">
    <subfield code="a">&#x42D;376,0</subfield>
  </datafield>
  <datafield tag="700" ind1=" " ind2="1">
    <subfield code="4">070</subfield>
    <subfield code="7">ca</subfield>
    <subfield code="8">rus</subfield>
    <subfield code="a">&#x41A;&#x435;&#x43D;&#x434;&#x440;&#x438;&#x43A;</subfield>
    <subfield code="b">&#x421;.</subfield>
    <subfield code="f">1973-</subfield>
    <subfield code="g">&#x421;&#x442;&#x438;&#x432;&#x435;&#x43D;</subfield>
    <subfield code="9">212823</subfield>
    <subfield code="3">RU\NLR\AUTH\770212879</subfield>
  </datafield>
  <datafield tag="701" ind1=" " ind2="1">
    <subfield code="a">&#x41A;&#x435;&#x43D;&#x434;&#x440;&#x438;&#x43A;</subfield>
    <subfield code="b">&#x410;.</subfield>
    <subfield code="g">&#x410;&#x43D;&#x43D;&#x430;</subfield>
    <subfield code="4">070</subfield>
  </datafield>
  <datafield tag="790" ind1=" " ind2="1">
    <subfield code="6">z22</subfield>
    <subfield code="a">Kendrick</subfield>
    <subfield code="b">S.</subfield>
    <subfield code="g">Stephen</subfield>
    <subfield code="4">070</subfield>
  </datafield>
  <datafield tag="790" ind1=" " ind2="1">
    <subfield code="6">z22</subfield>
    <subfield code="a">Kendrick</subfield>
    <subfield code="b">A.</subfield>
    <subfield code="g">Alex</subfield>
    <subfield code="4">070</subfield>
  </datafield>
  <datafield tag="801" ind1=" " ind2="0">
    <subfield code="a">RU</subfield>
    <subfield code="b">NLR</subfield>
    <subfield code="c">20100716</subfield>
    <subfield code="g">RCR</subfield>
  </datafield>
  <datafield tag="801" ind1=" " ind2="1">
    <subfield code="a">RU</subfield>
    <subfield code="b">NLR</subfield>
    <subfield code="c">20100716</subfield>
  </datafield>
  <datafield tag="830" ind1=" " ind2=" ">
    <subfield code="a">&#x430;&#x432;&#x442;. &#x43F;&#x43E; &#x43A;&#x43D;.</subfield>
  </datafield>
  <datafield tag="942" ind1=" " ind2=" ">
    <subfield code="c">BOOK</subfield>
  </datafield>
  <datafield tag="980" ind1=" " ind2=" ">
    <subfield code="a">NB</subfield>
  </datafield>
  <datafield tag="995" ind1=" " ind2=" ">
    <subfield code="5">2010-07-16</subfield>
    <subfield code="a">ad</subfield>
    <subfield code="b">NLR01</subfield>
    <subfield code="c">NLR01</subfield>
    <subfield code="e">RF8</subfield>
    <subfield code="f">3214355</subfield>
    <subfield code="k">2010-3/24185</subfield>
    <subfield code="o">0</subfield>
    <subfield code="r">BOOK</subfield>
    <subfield code="s">2010324185_</subfield>
  </datafield>
  <datafield tag="995" ind1=" " ind2=" ">
    <subfield code="5">2010-07-16</subfield>
    <subfield code="a">ad</subfield>
    <subfield code="b">NLR01</subfield>
    <subfield code="c">NLR01</subfield>
    <subfield code="e">RF8</subfield>
    <subfield code="f">3214356</subfield>
    <subfield code="k">2010-3/24185</subfield>
    <subfield code="o">0</subfield>
    <subfield code="r">BOOK</subfield>
    <subfield code="s">2010324185_</subfield>
  </datafield>
</record>
